Leben von Tag zu Tag : Deutsch-polnische Geschichte 1939-1949 in Bildungsmedien /

Erstmals zeigt diese Studie umfassend, wie die historischen Erfahrungen deutscher und polnischer Gesellschaften während und nach der Besatzung Polens (1939-1949) in Bildungsmedien repräsentiert sind. Als Vermittlungsinstanzen von hoher Autorität prägen Bildungsmedien Geschichtsbilder und können inso...

Full description

Saved in:

Main Author: Laubinger, Verena (Author)

Format: eBook

Language: English
German

Published: Paderborn : Ferdinand Schöningh, Brill Deutschland, 2026.

Series: FOKUS ; 23.
Schöningh and Fink History Early Modern and Modern History E-Books Online, Collection 2026.

Subjects:

Online Access: Login to view Source

Tags: Add Tag

No Tags, Be the first to tag this record!

Call Number: NA105

LEADER 02778nam a22004698i 4500
001 BRILL9783657798254
003 nllekb
005 20260324115026.0
006 m d
007 cr un uuuua
008 260108s2026 gw sb 001 0 eng d
020 |a 9783657798254  |q (electronic book) 
020 |z 9783506798251  |q (print) 
024 7 |a 10.30965/9783657798254  |2 DOI 
040 |a NL-LeKB  |c NL-LeKB  |e rda 
041 |a ger 
050 4 |a NA105 
072 7 |a HIS  |x 037000  |2 bisacsh 
072 7 |a HBG  |2 bicssc 
082 0 4 |a 900  |2 23 
245 1 0 |a Leben von Tag zu Tag :  |b Deutsch-polnische Geschichte 1939-1949 in Bildungsmedien /  |c Verena Laubinger. 
246 3 |a Deutsch-polnische Geschichte 1939-1949 in Bildungsmedien 
264 1 |a Paderborn :  |b Ferdinand Schöningh, Brill Deutschland,  |c 2026. 
264 4 |c ©2026 
300 |a 1 online resource (420 pages) :  |b illustrations. 
336 |a text  |b txt  |2 rdacontent 
337 |a computer  |b c  |2 rdamedia 
338 |a online resource  |2 rdacarrier 
490 1 |a FOKUS ;  |v 23 
490 1 |a Schöningh and Fink History Early Modern and Modern History E-Books Online, Collection 2026 
504 |a Includes bibliographical references and index. 
520 |a Erstmals zeigt diese Studie umfassend, wie die historischen Erfahrungen deutscher und polnischer Gesellschaften während und nach der Besatzung Polens (1939-1949) in Bildungsmedien repräsentiert sind. Als Vermittlungsinstanzen von hoher Autorität prägen Bildungsmedien Geschichtsbilder und können insofern Demokratiebildung befördern. Die Autorin analysiert, wie Ego-Dokumente, Fotografien und Autorentexte in Schulbüchern eingesetzt werden, um deutsch-polnische Geschichte zu deuten und zu erzählen. Mit einem Fokus auf Besatzungsgesellschaften, Zwangsmigrationen und Zwangsarbeit werden Alltag und Agency untersucht und Zäsuren in der Darstellung herausgearbeitet. Am Beispiel individueller und kollektiver Erfahrungen im Kontext des Zweiten Weltkriegs wird deutlich, wie Bildungsmedien durch Konzeption und Quellenauswahl die Wahrnehmung von Geschichte rahmen können - und warum sie für den deutsch-polnischen Dialog unverzichtbar sind. 
546 |a German 
588 |a Description based on print version record. 
650 0 0 |a History. 
650 0 0 |a Modern History. 
100 1 |a Laubinger, Verena,  |e author. 
776 0 8 |i Print version:  |t Leben von Tag zu Tag : Deutsch-polnische Geschichte 1939-1949 in Bildungsmedien.  |d Paderborn ; Ferdinand Schöningh : Brill Deutschland,2026.  |z 9783506798251  |w (OCoLC)1558587823  
830 0 |a FOKUS ;  |v 23. 
830 0 |a Schöningh and Fink History Early Modern and Modern History E-Books Online, Collection 2026. 
856 4 |z DOI:  |u http://dx.doi.org/10.30965/9783657798254 
999 |c 61992  |d 61992